000 00782nam a2200229 i 4500
001 75527
003 ES-MaACL
005 20250815050733.0
007 t|
008 040924s1979 sp ||||1| spa d
100 1 _aGrenville, J. A. S.
_959947
245 1 3 _aLa Europa remodelada
_b: 1848-1878 /
_cJ. A. S. Grenville ; [traducción de Bárbara McShane y Javier Alfaya].
250 _a[1ª ed.].
260 _aMadrid :
_bSiglo Veintiuno,
_c[1979]
300 _aVI, 528 p. :
_bil. ;
_c18 cm.
490 1 _aHistoria de Europa siglo veintiuno ;
_v9
700 1 _aMcShane, Barbara.
_975279
700 1 _aAlfaya, Javier,
_d1939-2018
_919827
830 0 0 _aHistoria de Europa (Siglo XXI)
_v9
_9182613
852 _aES-MaACL
_jA-10506
_bR.99797
999 _c75527
_d75527